01287cam a2200217 450000500170000000800410001702000150005805000200007310000360009324502530012925000110038226000480039330000280044150003150046950400590078465000510084365000400089465000510093470000460098570000380103120210818122842.0051031s2002 ag 000 0dspa u a950508313004aK1707bV66 19901 aVon Potobsky, Geraldo W.eautor13aLa Organización Internacional del Trabajo b: funcionamiento del sistema normativo internacional, instrumentos sobre derechos humanos fundamentales c / Geraldo W. Von Potobsky, Héctor G. Bartolomei de la Cruz ; prólogo de José María Ruda a1a ed. aBuenos Aires, Argentina : b Astrea, c1990 axxix, 526 p. :c 23 cm. aEn la portada : Funcionamiento del sistema normativo internacional, Instrumentos sobre derechos fundamentales ; Elaboración, puesta en vigor y denuncia de normas Procedimientos de control. Libertades de trabajo y sindical Igualdad de oportunidades y de trato, La situación en los países iberoamericanos aIncluye anexos, bibliografía : p. 513-519 e índice 72lembaOrganización Internacional del Trabajo 72lembaDerecho Laboral Internacional 72lembaDerechos Humanos (Derecho Internacional)1 aBartolomei de la Cruz, Héctor G.eautor1 aRuda, José Maríaeprologuista